000 00306nam a2200109Ia 4500
008 220204s9999 xx 000 0 und d
082 _a030=134.2=111
_bSPA
245 0 _aCassell's Spanish-English English-Spanish dictionary
260 _aLondon
_bCassell
_c1976
700 _aPeers, Edgar Allison
942 _cBK
999 _c30732
_d30732